[Event "Sarajevo"]
[Site "Sarajevo"]
[Date "1981.??.??"]
[Round "7"]
[White "Drasko, Milan"]
[Black "Cekro, Ekrem"]
[Result "1/2-1/2"]
[WhiteElo "2240"]
[BlackElo "2350"]

1.d4 Nf6 2.c4 e6 3.Nf3 b6 4.a3 Bb7 5.Nc3 d5 6.cxd5 Nxd5 7.e3 Be7 8.Bb5+ c6
9.Bd3 O-O 10.Ne4 Nd7 11.O-O c5 12.dxc5 Nxc5 13.Nxc5 Bxc5 14.e4 Ne7 15.b4 Bd6
16.Bb2 Ng6 17.Re1 a5 18.b5 Bc5 19.Qb3 Rc8 20.Rad1 Qe7 21.Nd4 Rfd8 22.Bf1 Qf8
23.Qa4 Qe8 24.Ba1 Qe7 25.Nc6 Bxc6 26.bxc6 Rd6 27.Bb5 Rcd8 28.Bc3 Qc7 29.g3 f6
30.Rc1 h5 31.Kg2 h4 32.Re2 e5 33.Bxa5 Bxf2 34.Qb3+ Kh7 35.Bb4 Bc5 36.Qf3 Bxb4
37.axb4 Kg8 38.Bc4+ Kf8 39.Qh5 Rxc6 40.Rec2 h3+ 41.Kxh3 Rd4 42.Bb3 Rxc2 43.Rxc2 Qd7+
44.Qf5 Ke7 45.b5 Nf8 46.Rc6 Rxe4 47.Qxd7+ Nxd7 48.Be6 Rb4 49.Bxd7 Kxd7 50.Rxb6 f5
51.Rg6 Rxb5 52.Rxg7+ Ke6 53.Rg6+ Kd5 54.Rf6 Ke4 55.Kh4 Rb8 56.Kg5 Rg8+ 57.Kh6 Rh8+
58.Kg5 f4 59.gxf4 Rg8+ 60.Kh6 exf4 61.h4 f3 62.h5 Rg4 63.Rf8 Rf4 64.Re8+ Kf5
65.Rf8+ Kg4 66.Rg8+ Kh4 67.Rg1 Rg4 68.Rf1 Rg3 69.Rh1+ Rh3 70.Rf1 Rg3 71.Rh1+ Kg4
72.Kg6 f2 73.Rf1 Kh4+ 74.Kf6 Rf3+ 75.Kg6 Rg3+ 76.Kf6 Rf3+ 77.Kg6  1/2-1/2

[Event "Sarajevo"]
[Site "Sarajevo"]
[Date "1981.??.??"]
[Round "11"]
[White "Drasko, Milan"]
[Black "Csom, Istvan"]
[Result "1-0"]
[WhiteElo "2240"]
[BlackElo "2500"]

1.d4 Nf6 2.c4 e6 3.Nf3 b6 4.a3 c5 5.d5 Ba6 6.Qc2 Qe7 7.Bg5 exd5 8.Bxf6 Qxf6
9.cxd5 Bd6 10.Nbd2 O-O 11.e4 Bxf1 12.Kxf1 Bf4 13.g3 Bxd2 14.Nxd2 d6 15.Kg2 Nd7
16.Rae1 Rac8 17.f4 c4 18.Nf3 Nc5 19.Re2 b5 20.Rf1 Rfe8 21.Nh4 g6 22.Nf3 Qe7
23.f5 a6 24.h4 Nd3 25.Ng5 Ne5 26.f6 Qf8 27.Qd2 Rc7 28.h5 h6 29.hxg6 Nxg6
30.Nf3 Rec8 31.Nd4 c3 32.bxc3 Rxc3 33.Rh1 Qd8 34.Rf2 Qf8 35.Rxh6 Rc2 36.Nxc2 Rxc2
37.Qxc2 Qxh6 38.Qc8+ Kh7 39.Qh3 Ne5 40.Rc2 Nc4 41.Rc3 Kg6 42.Qf5+  1-0

[Event "Smederevska Palanka"]
[Site "Smederevska Palanka"]
[Date "1981.??.??"]
[Round "1"]
[White "Zivanovic, Ivan"]
[Black "Ornstein, Axel"]
[Result "1/2-1/2"]
[WhiteElo "2200"]
[BlackElo "2475"]

1.d4 Nf6 2.c4 e6 3.Nf3 b6 4.a3 c5 5.e3 g6 6.Nc3 Bg7 7.Be2 O-O 8.O-O Bb7 9.b4 cxd4
10.exd4 d5 11.c5 Ne4 12.Na4 bxc5 13.Nxc5 Bc6 14.Bf4 Nd7 15.Rc1 Ndxc5 16.dxc5 Qe8
17.Be5 f6 18.Bb2 e5 19.b5 Rb8 20.bxc6 Qxc6 21.Ba1 Bh6 22.Rc2 Rfc8 23.Ba6 Rd8
24.Qe2 Nxc5 25.Rxc5 Qxc5 26.Nxe5 Re8 27.Nd7 Rxe2 28.Nxc5 Ra2 29.Nd7 Rb3 30.Nxf6+ Kf7
31.Ng4 Bg7 32.Bxg7 Kxg7 33.Rc1 h5 34.Rc7+ Kf8 35.Ne3 d4 36.Nf1 Rbxa3 37.Bb7 Rc3
38.Rd7 Rc1 39.g4 Raa1 40.Bg2 Rd1 41.gxh5 gxh5 42.h4 d3 43.Kh2 Rxf1 44.Bxf1 Rxf1
45.Kg2 Rc1  1/2-1/2

[Event "Smederevska Palanka"]
[Site "Smederevska Palanka"]
[Date "1981.??.??"]
[Round "9"]
[White "Rajkovic, Dusan"]
[Black "Nikolic, Stanimir"]
[Result "1-0"]
[WhiteElo "2465"]
[BlackElo "2375"]

1.d4 Nf6 2.c4 e6 3.Nf3 b6 4.a3 Bb7 5.Nc3 d5 6.cxd5 exd5 7.g3 Be7 8.Bg2 O-O
9.Bf4 Re8 10.O-O a6 11.Rc1 Bd6 12.Be5 Qe7 13.Bxf6 Qxf6 14.Qb3 Qd8 15.Nxd5 Rxe2
16.Qc4 Re4 17.Ng5 b5 18.Qd3 Qxg5 19.Qxe4 Nc6 20.Nxc7 Rd8 21.Ne6  1-0

[Event "BUL-ch"]
[Site "Sofia"]
[Date "1981.??.??"]
[Round "6"]
[White "Toshkov, Tihomir"]
[Black "Trifunov, Dimitar"]
[Result "0-1"]
[WhiteElo "2385"]
[BlackElo "2200"]

1.d4 Nf6 2.c4 e6 3.Nf3 b6 4.a3 Bb7 5.Nc3 d5 6.cxd5 Nxd5 7.e3 Nxc3 8.bxc3 Be7
9.Bb5+ c6 10.Bd3 O-O 11.O-O c5 12.e4 cxd4 13.cxd4 Ba6 14.Bxa6 Nxa6 15.Bf4 Qd7
16.Qe2 Qa4 17.Rfd1 Rac8 18.h4 Rc2 19.Qe3 Rfc8 20.Rd3 Nb4 21.Rdd1 Ra2 22.Rac1 Nc2
23.Rd3 Bxa3 24.Rc3 Rxc3 25.Qxc3 h6 26.Rb1 Kh7 27.h5 Be7 28.Be5 Na3 29.Rc1 Rc2
30.Rxc2 Qxc2 31.Qxc2 Nxc2 32.d5 exd5 33.exd5 Bd8 34.Bd6 f6 35.Kf1 b5 36.Ke2 Ba5
37.Kd3 Nb4+ 38.Bxb4 Bxb4 39.Nd4 a6 40.Nc6 Bc5 41.Nd8 Kg8 42.f4 Bb6 43.Nc6 Kf7
44.g3 a5 45.Kc3 Ke8 46.d6 Kd7 47.Ne7 Kxd6 48.Nf5+ Kc5 49.Nxg7 b4+ 50.Kd3 a4
51.Nf5 a3 52.Kc2 a2 53.Kb2 b3 54.Ne3 Kb4 55.Nf5 Ka4 56.g4 Ba5  0-1

[Event "Tuzla"]
[Site "Tuzla"]
[Date "1981.??.??"]
[Round "1"]
[White "Schussler, Harry"]
[Black "Farago, Ivan"]
[Result "1/2-1/2"]
[WhiteElo "2495"]
[BlackElo "2515"]

1.d4 Nf6 2.c4 e6 3.Nf3 b6 4.a3 Ba6 5.Qc2 d5 6.cxd5 exd5 7.Nc3 c6 8.g3 Bd6
9.Bg2 O-O 10.O-O Nbd7 11.Re1 Bb7 12.Nh4 g6 13.Bg5 Be7 14.Nf3 Re8  1/2-1/2

[Event "Tuzla"]
[Site "Tuzla"]
[Date "1981.??.??"]
[Round "2"]
[White "Suba, Mihai"]
[Black "Lukacs, Peter"]
[Result "1/2-1/2"]
[WhiteElo "2500"]
[BlackElo "2465"]

1.d4 Nf6 2.c4 e6 3.Nf3 b6 4.a3 c5 5.Nc3 cxd4 6.Nxd4 Bb7 7.Ndb5 d6 8.Bg5 a6
9.Bxf6 gxf6 10.Nd4 f5 11.e3 Nd7 12.Qa4 Qc7 13.Rg1 Bg7 14.f4 h5 15.Be2 Ke7
16.Rd1 Nf6 17.Qc2 Ne4 18.g3 Bf6 19.Nxe4 Bxe4 20.Qd2 h4 21.g4 fxg4 22.Rxg4 h3
23.Bf3  1/2-1/2

[Event "Yerevan"]
[Site "Yerevan"]
[Date "1981.??.??"]
[Round "8"]
[White "Dementiev, Oleg I"]
[Black "Rositsan, Max"]
[Result "1/2-1/2"]
[WhiteElo "2490"]
[BlackElo "2200"]

1.d4 Nf6 2.Nf3 e6 3.c4 b6 4.a3 Bb7 5.Nc3 Ne4 6.Nxe4 Bxe4 7.Bf4 Be7 8.e3 O-O
9.Bd3 Bxd3 10.Qxd3 d6 11.O-O Nd7 12.b4 c5 13.Rfd1 Nf6 14.dxc5 dxc5 15.Qc2 Qc8
16.b5 Nd7 17.Rd2 a6 18.Rad1 Rd8 19.a4 axb5 20.axb5 Qb7 21.h3 h6 22.Qb1 Nf6
23.Rxd8+ Bxd8 24.Ne5 Bc7 25.Nc6 Bxf4 26.exf4 Qc7 27.g3 h5 28.Qd3 g6 29.Qf3 Kg7
30.Qc3 Rh8 31.Kg2 h4 32.Rd3 hxg3 33.fxg3 Ra8 34.Kf3 Rh8 35.Kg2 Ra8 36.h4 Ra2+
37.Kf3 e5 38.Qxe5 Qc8 39.f5 Qh8 40.fxg6 Qc8 41.Ke3 Qg4 42.Rd2 Ra3+ 43.Rd3 Ra2
44.Rd2 Ra3+ 45.Rd3 Ra2 46.Rd2 Ra3+  1/2-1/2

[Event "Yerevan"]
[Site "Yerevan"]
[Date "1981.??.??"]
[Round "9"]
[White "Itkis, Boris"]
[Black "Airapetian, An"]
[Result "1/2-1/2"]
[WhiteElo "2275"]
[BlackElo "2200"]

1.d4 Nf6 2.c4 e6 3.Nf3 b6 4.a3 d5 5.cxd5 exd5 6.Nc3 Be7 7.g3 O-O 8.Bg2 Bb7
9.O-O Na6 10.Qc2 c5 11.Rd1 Re8 12.Ne5 cxd4 13.Nb5 Bc5 14.Nf3 Nc7 15.Nbxd4 a5
16.b3 Qe7 17.Bb2 Ne4 18.b4 axb4 19.axb4 Bxb4 20.e3 g6 21.h4 h5 22.Rab1 Bc5
23.Ba1 Ne6 24.Nb3 Ba3 25.Nbd2 Rec8 26.Qb3 N6c5 27.Qxb6 Bc6 28.Ne5 Be8 29.Nxe4 dxe4
30.Bd4 Ra6 31.Bxc5 Rxb6 32.Bxe7 Rxb1 33.Rxb1 Bxe7 34.Bxe4 f5 35.Rb7 fxe4
36.Rxe7 Kf8 37.Ra7 Rc5 38.Nd7+ Bxd7 39.Rxd7 Rc1+ 40.Kg2 Rc5 41.Rd4 Re5 42.f3 exf3+
43.Kxf3 Kf7 44.e4 Ra5 45.Kf4 Ra1 46.Rd7+ Ke6 47.Rd3 Ra5 48.Re3 Re5 49.Rb3 Ra5
50.Rb4 Kf6 51.Rd4 Ra3 52.e5+ Kf7 53.Rb4 Rc3 54.g4 hxg4 55.Rb7+ Ke6 56.Rb6+ Kf7
57.Rf6+ Kg7 58.Kg5 g3 59.Rxg6+ Kh7 60.h5 g2 61.Kf4 Rc2 62.Ke3 Rc5 63.Kd4 Rc2  1/2-1/2

[Event "Yerevan"]
[Site "Yerevan"]
[Date "1981.??.??"]
[Round "12"]
[White "Ubilava, Elizbar"]
[Black "Agzamov, Georgy"]
[Result "1-0"]
[WhiteElo "2455"]
[BlackElo "2435"]

1.d4 Nf6 2.c4 e6 3.Nf3 b6 4.a3 Bb7 5.Nc3 d5 6.cxd5 exd5 7.g3 Be7 8.Bg2 O-O
9.O-O c5 10.Bf4 Nc6 11.dxc5 bxc5 12.Rc1 Qd7 13.Na4 c4 14.Ne5 Nxe5 15.Bxe5 Bc6
16.Nc3 Rfd8 17.Rc2 d4 18.Bxc6 Qxc6 19.Bxd4 Ng4 20.e4 Nf6 21.Re1 Bc5 22.Rd2 Bxd4
23.Rxd4 Qb6 24.Rxd8+ Rxd8 25.Qc2 Rd3 26.e5 Ng4 27.Re4 Qe6 28.Qe2 h5 29.h3 Nh6
30.Qxh5 Rd2 31.Re2 Rxe2 32.Qxe2 Qxh3 33.Qxc4 Ng4 34.Qc8+ Kh7 35.Qf5+ Kg8
36.Ne4 Qh2+ 37.Kf1 Qh1+ 38.Ke2 Nh2 39.Qc8+ Kh7 40.Qh3+ Kg8 41.Nd2  1-0

[Event "Amsterdam"]
[Site "Amsterdam"]
[Date "1982.??.??"]
[Round "1"]
[White "Saeed, Saeed Ahmed"]
[Black "Sosonko, Gennadi"]
[Result "0-1"]
[WhiteElo "2395"]
[BlackElo "2575"]

1.d4 Nf6 2.c4 e6 3.Nf3 b6 4.a3 Bb7 5.Nc3 d5 6.cxd5 Nxd5 7.e3 Be7 8.Bb5+ c6
9.Bd3 Nxc3 10.bxc3 c5 11.O-O Nc6 12.Qe2 O-O 13.Bb2 Rc8 14.Rad1 cxd4 15.exd4 Bd6
16.Ne5 Bxe5 17.dxe5 Qc7 18.Qe4 g6 19.Rfe1 Rfd8 20.Qf4 Rd7 21.Bc2 Rxd1 22.Bxd1 Ne7
23.Bb3 Qc6 24.f3 Rd8 25.Qe3 Nd5 26.Qf2 Qb5 27.Ba2 Qc5 28.Bb1 Qxf2+ 29.Kxf2 Ne7
30.Bc2 Nc6 31.f4 Ne7 32.Rd1 Nd5 33.Be4 Rc8 34.Rd4 b5 35.a4 Rc5 36.Bxd5 Bxd5
37.axb5 Rxb5 38.Rb4 Ra5 39.c4 Bc6 40.Bd4 Kg7 41.Rb8 Ra4 42.Bc5 g5 43.fxg5 Rxc4
44.Bxa7 Rc2+ 45.Ke3 Rxg2 46.h4 Rg4 47.Bc5 Re4+ 48.Kd3 Rxh4 49.Be7 Kg6 50.Bf6 Kh5
51.Rf8 Be4+ 52.Ke3 Bg6 53.Rd8 Rh3+ 54.Kf4 Kh4 55.Rh8 Kh5 56.Rd8 Rh1 57.Rd2 Kh4
58.Rf2 Kh3 59.Rf3+ Kg2 60.Rg3+ Kf2 61.Re3 Rh4+  0-1

[Event "Amsterdam"]
[Site "Amsterdam"]
[Date "1982.??.??"]
[Round "4"]
[White "Van der Sterren, Paul"]
[Black "Van der Wiel, John TH"]
[Result "1/2-1/2"]
[WhiteElo "2465"]
[BlackElo "2520"]

1.d4 Nf6 2.c4 e6 3.Nf3 b6 4.a3 c5 5.d5 Ba6 6.Qc2 exd5 7.cxd5 g6 8.Nc3 Bg7
9.g3 O-O 10.Bg2 d6 11.O-O b5 12.Re1 Nbd7 13.e4 Ng4 14.h3 Nge5 15.Nxe5 Bxe5
16.Be3 Qb6 17.f4 Bd4 18.Qd2 Bxe3+ 19.Qxe3 Rae8 20.Qf2 Bb7 21.Bf1 a6 22.a4 b4
23.Nd1 Nf6 24.a5 Qa7 25.Bg2 Re7 26.Qd2 Rfe8 27.Nf2 c4 28.Qxb4 Nxe4 29.Bxe4 Rxe4
30.Rxe4 Rxe4 31.Kf1 Re3 32.Qxd6 Qd4 33.Qb8+ Kg7 34.Qxb7 Rf3 35.Qb6 Rxf2+
36.Kg1 Qxb2 37.Qxb2+ Rxb2 38.Rc1 Rd2 39.Rxc4 Rxd5 40.Ra4 Rd2 41.Rc4 Rd5 42.Ra4 Kf6
43.Kf2 h5 44.Ke3 Ke6 45.g4 Kd6 46.Rd4 hxg4  1/2-1/2

[Event "Amsterdam"]
[Site "Amsterdam"]
[Date "1982.??.??"]
[Round "7"]
[White "Grooten, Herman"]
[Black "Van der Vliet, Fred"]
[Result "0-1"]
[WhiteElo "2305"]
[BlackElo "2390"]

1.d4 Nf6 2.c4 e6 3.Nf3 b6 4.a3 c5 5.d5 Ba6 6.Qc2 exd5 7.cxd5 Bb7 8.e4 Qe7
9.Bd3 Nxd5 10.O-O Nc7 11.Bg5 f6 12.Bh4 Nc6 13.Nc3 O-O-O 14.Qa4 Kb8 15.b4 Qe6
16.bxc5 Bxc5 17.Bc4 Qe7 18.Ba2 Rhe8 19.Bg3 d6 20.Rfd1 g5 21.Bd5 Qd7 22.Rac1 Ne7
23.Qb3 Ncxd5 24.exd5 Nf5 25.a4 h5 26.Qb1 h4 27.Ne4 hxg3 28.Nxf6 gxf2+ 29.Kh1 Qc8
30.Nxe8 Rxe8 31.Nxg5 Ng3+ 32.hxg3 Rh8+ 33.Nh7 Qd7 34.Rc4 Qxh7+ 35.Qxh7 Rxh7+
36.Rh4 Rxh4+ 37.gxh4 Ba6  0-1

[Event "FRG-ch"]
[Site "Bad Neuenahr"]
[Date "1982.??.??"]
[Round "?"]
[White "Ostermeyer, Peter"]
[Black "Hartmann, Wolfram"]
[Result "1/2-1/2"]
[WhiteElo "2410"]
[BlackElo "2275"]

1.d4 Nf6 2.c4 e6 3.Nf3 b6 4.a3 Bb7 5.Nc3 Ne4 6.Nxe4 Bxe4 7.Nd2 Bb7 8.e4 Qf6
9.d5 Bc5 10.Nf3 Qg6 11.b4 Qxe4+ 12.Be2 Bd6 13.O-O Qg6 14.Ng5 h6 15.Bh5 Bxh2+
16.Kh1 hxg5  1/2-1/2

[Event "Bagneux"]
[Site "Bagneux"]
[Date "1982.??.??"]
[Round "?"]
[White "Petrosian, Arshak B"]
[Black "Tompa, Janos"]
[Result "1-0"]
[WhiteElo "2485"]
[BlackElo "2435"]

1.d4 Nf6 2.c4 e6 3.Nf3 b6 4.a3 c5 5.d5 Ba6 6.Qc2 exd5 7.cxd5 g6 8.Nc3 Bg7
9.g3 O-O 10.Bg2 d6 11.O-O Ng4 12.Bg5 Qc7 13.Rfe1 Ne5 14.Nxe5 Bxe5 15.Ne4 f5
16.Nd2 Qg7 17.Rab1 Nd7 18.Qa4 Bb7 19.Nc4 f4 20.Nxe5 dxe5 21.e3 f3 22.Bh3 Nf6
23.Be6+ Kh8 24.Qh4 h5 25.Rbd1 Rae8 26.e4 Nh7 27.Re3 Ba6 28.d6 Be2 29.Rd2 Nxg5
30.Qxg5 Kh7 31.d7 Rd8 32.Rd6 Qh6 33.Qxe5 Qxe3 34.Bg8+ Kh6 35.Qh8+ Kg5 36.h4+  1-0

[Event "Baile Herculane zt"]
[Site "Baile Herculane"]
[Date "1982.??.??"]
[Round "7"]
[White "Schmidt, Wlodzimierz"]
[Black "Lukacs, Peter"]
[Result "1/2-1/2"]
[WhiteElo "2485"]
[BlackElo "2470"]

1.d4 Nf6 2.c4 e6 3.Nf3 b6 4.a3 Bb7 5.Nc3 d5 6.cxd5 Nxd5 7.Qc2 Be7 8.Nxd5 exd5
9.Bf4 c5 10.e3 O-O 11.Bd3  1/2-1/2

[Event "Beersheba"]
[Site "Beersheba"]
[Date "1982.??.??"]
[Round "2"]
[White "Burger, Karl"]
[Black "Reshevsky, Samuel Herman"]
[Result "1/2-1/2"]
[WhiteElo "2420"]
[BlackElo "2500"]

1.Nf3 Nf6 2.c4 e6 3.d4 b6 4.a3 Ba6 5.Qc2 d5 6.cxd5 exd5 7.Nc3 Be7 8.g3 O-O
9.Bg2 c6 10.O-O Nbd7 11.Re1 Bb7  1/2-1/2

[Event "DSV-Turnier"]
[Site "Berlin-Ost"]
[Date "1982.??.??"]
[Round "2"]
[White "Boensch, Uwe"]
[Black "Pokojowczyk, Jerzy"]
[Result "1-0"]
[WhiteElo "2450"]
[BlackElo "2420"]

1.d4 Nf6 2.Nf3 e6 3.c4 b6 4.a3 c5 5.e3 g6 6.Nc3 Bg7 7.Be2 O-O 8.O-O Bb7 9.b4 cxd4
10.Nxd4 a6 11.Bb2 d6 12.Bf3 Ra7 13.Rc1 Bxf3 14.Qxf3 Rc7 15.Na4 e5 16.Nb3 Nbd7
17.Rfd1 Qe7 18.Nd2 Rb8 19.Ne4 Nxe4 20.Qxe4 Qe6 21.Qd3 Bf8 22.Nc3 Qxc4 23.Qd2 Qe6
24.Nd5 Rxc1 25.Qxc1 Nf6 26.Qc7 Rc8 27.Nxf6+ Kg7 28.Qxb6 Qxf6 29.Rd2 Qf5 30.Qxa6 Rc2
31.Qe2  1-0

[Event "Elekes mem-B"]
[Site "Budapest"]
[Date "1982.??.??"]
[Round "?"]
[White "Vegh, Endre"]
[Black "Schneider, Attila"]
[Result "1/2-1/2"]
[WhiteElo "2225"]
[BlackElo "2365"]

1.d4 Nf6 2.c4 e6 3.Nf3 b6 4.a3 Bb7 5.Nc3 d5 6.cxd5 exd5 7.g3 g6 8.Bg2 Bg7
9.O-O O-O 10.Bf4 c5 11.dxc5 bxc5 12.Ne5 Nbd7 13.Nc4 Nb6 14.Na5 Ba6 15.Rc1 Rc8
16.b4 cxb4 17.axb4 d4 18.Nc6 Rxc6 19.Bxc6 dxc3 20.Qxd8 Rxd8 21.b5 Bc8 22.Rxc3 Bh3
23.Rfc1 Nh5 24.Re3 Nc4 25.Bc7 Nxe3 26.Bxd8 Bd4 27.Bf3 Be6  1/2-1/2

[Event "HUN-ch"]
[Site "Budapest"]
[Date "1982.??.??"]
[Round "?"]
[White "Rajna, George"]
[Black "Tolnai, Tibor"]
[Result "1-0"]
[WhiteElo "2390"]
[BlackElo "2230"]

1.d4 Nf6 2.Nf3 e6 3.c4 b6 4.a3 c5 5.d5 Ba6 6.Qc2 exd5 7.cxd5 Bb7 8.Bg5 Bxd5
9.Bxf6 Qxf6 10.e4 Bc6 11.Nc3 Be7 12.Bc4 O-O 13.O-O Bd6 14.Rad1 Be5 15.Nxe5 Qxe5
16.f4 Qc7 17.e5 a6 18.Rd6 b5 19.Nd5 Bxd5 20.Bxd5 Ra7 21.Rf3 Re8 22.Rh3 h6
23.Rdxh6  1-0

[Event "Elekes mem-B"]
[Site "Budapest"]
[Date "1982.??.??"]
[Round "?"]
[White "Vegh, Endre"]
[Black "Horvath, Gyula"]
[Result "1/2-1/2"]
[WhiteElo "2225"]
[BlackElo "2385"]

1.d4 Nf6 2.c4 e6 3.Nf3 b6 4.a3 Ba6 5.Qc2 c5 6.d5 exd5 7.cxd5 Bb7 8.e4 Qe7
9.Bd3 Nxd5 10.O-O Nc7 11.Nc3 Ne6 12.Nd5 Qd8 13.b4 Nc6 14.bxc5 Bxc5 15.Bb2 Rc8
16.Qe2  1/2-1/2

[Event "HUN-ch+"]
[Site "Budapest"]
[Date "1982.??.??"]
[Round "?"]
[White "Tolnai, Tibor"]
[Black "Karolyi, Tibor Jr"]
[Result "1-0"]
[WhiteElo "2230"]
[BlackElo "2360"]

1.d4 Nf6 2.c4 e6 3.Nf3 b6 4.a3 Bb7 5.Nc3 d5 6.cxd5 Nxd5 7.e3 Be7 8.Bb5+ c6
9.Bd3 Nxc3 10.bxc3 c5 11.O-O Nc6 12.Qe2 O-O 13.Bb2 Qc7 14.e4 Na5 15.Rfe1 Rfd8
16.Rad1 Rac8 17.Ne5 Bd6 18.Ng4 Be7 19.f4 cxd4 20.cxd4 h5 21.Ne5 h4 22.Rc1 Qd6
23.Qh5 Rf8 24.Rxc8 Bxc8 25.Nxf7 Qxf4 26.e5  1-0

[Event "HUN-ch+"]
[Site "Budapest"]
[Date "1982.??.??"]
[Round "?"]
[White "Szabolcsi, Janos"]
[Black "Karolyi, Tibor Jr"]
[Result "1-0"]
[WhiteElo "2245"]
[BlackElo "2360"]

1.d4 Nf6 2.c4 e6 3.Nf3 b6 4.a3 Bb7 5.Nc3 d5 6.cxd5 Nxd5 7.Qc2 Be7 8.e4 Nxc3
9.bxc3 c5 10.Bb5+ Bc6 11.Bd3 Nd7 12.O-O Bb7 13.Rd1 cxd4 14.cxd4 Rc8 15.Qe2 O-O
16.Bf4 Nf6 17.a4 Kh8 18.h3 Nh5 19.Bd2 Qc7 20.Ne5 Nf6 21.a5 Nd7 22.Nf3 Qb8
23.a6 Ba8 24.Ng5 h6 25.e5 Rc7 26.Qh5 Qe8 27.Nxe6 fxe6 28.Bg6 Qd8 29.Bxh6  1-0

[Event "HUN-ch"]
[Site "Budapest"]
[Date "1982.??.??"]
[Round "?"]
[White "Tolnai, Tibor"]
[Black "Schneider, Attila"]
[Result "0-1"]
[WhiteElo "2230"]
[BlackElo "2365"]

1.d4 Nf6 2.c4 e6 3.Nf3 b6 4.a3 Bb7 5.Nc3 d5 6.cxd5 exd5 7.g3 g6 8.Bg2 Bg7
9.O-O O-O 10.Bf4 c5 11.Rc1 Nbd7 12.Ne5 cxd4 13.Nxd7 dxc3 14.Nxf8 cxb2 15.Rc7 Ba6
16.Nxh7 Kxh7 17.Rxf7 Qe8 18.Rc7 Bxe2 19.Qd4 Nd7 20.Qxd5 Bxf1 21.Be4 Bh3  0-1

[Event "Caorle op"]
[Site "Caorle"]
[Date "1982.??.??"]
[Round "8"]
[White "Joksic, Sinisa"]
[Black "Plesec, Damjan"]
[Result "1/2-1/2"]
[WhiteElo "2325"]
[BlackElo "2000"]

1.Nf3 Nf6 2.d4 e6 3.c4 b6 4.a3 c5 5.d5 exd5 6.cxd5 d6 7.Nc3 g6 8.Bf4 Nh5
9.Qa4+ Bd7 10.Qe4+ Qe7 11.Bxd6 Qxe4 12.Nxe4 f5 13.Bxb8 Rxb8 14.Nc3 Bg7 15.e3 b5
16.Be2 Ke7 17.O-O Bf6 18.Rfd1 Kd6 19.Nd2 Bxc3 20.bxc3 Nf6 21.c4 Ne4 22.cxb5 Nxd2
23.Rxd2 Bxb5 24.Bf3 Ba4 25.h4 Rb6 26.e4 Rhb8 27.Kh2 fxe4 28.Bxe4 Rb2 29.Rxb2 Rxb2
30.f4 Bb3 31.Kh3 Rd2 32.h5 Bxd5 33.Bxd5 Kxd5 34.hxg6 hxg6 35.Re1 c4 36.Re5+ Kd4
37.Re6 c3 38.Rxg6 c2 39.Rd6+ Kc5 40.Rxd2 c1=Q 41.Rd3 Qxf4 42.Rf3 Qh6+ 43.Kg3 Qg5+
44.Kf2 a5 45.Kg1 Kb5 46.Rh3 Ka4 47.Kf2 Qd2+ 48.Kf1 Qf4+ 49.Kg1 Qf5 50.Rc3 Qb1+
51.Kh2 Qe1 52.Rh3 Qf1 53.Rc3 Qe1 54.Rd3 Qe2 55.Rh3 Qd1 56.Re3 Qc1 57.Rf3 Qc7+
58.Kh1 Qc5 59.Rh3  1/2-1/2

[Event "Politiken Cup"]
[Site "Copenhagen"]
[Date "1982.??.??"]
[Round "1"]
[White "Rosenlund, Thorbjorn"]
[Black "Rind, Bruce"]
[Result "0-1"]
[WhiteElo "2260"]
[BlackElo "2390"]

1.d4 Nf6 2.Nf3 e6 3.c4 b6 4.a3 c5 5.e3 g6 6.Nc3 Bg7 7.dxc5 bxc5 8.e4 O-O
9.Be2 Bb7 10.Qc2 Nc6 11.Be3 d6 12.Rd1 Qe7 13.O-O Rfd8 14.h3 Rab8 15.Rd2 h6
16.Rfd1 Bf8 17.Nb5 Ne8 18.Nc3 a6 19.Bf4 Nd4 20.Nxd4 cxd4 21.Nb1 e5 22.Bg3 h5
23.Bd3 h4 24.Bh2 Nf6 25.Rf1 Nh5 26.Re2 Bh6 27.Nd2 Bf4 28.b4 Rdc8 29.Ree1 Rc7
30.Nf3 Bc8 31.Bxf4 Nxf4 32.Qd2 Qf6 33.Qd1 Be6 34.Kh2 Nxd3 35.Qxd3 Bxc4 36.Qc2 Rbc8
37.Rg1 Qf4+ 38.Kh1 Be6 39.Qd2 Qxd2 40.Nxd2 Rc2  0-1

[Event "Politiken Cup"]
[Site "Copenhagen"]
[Date "1982.??.??"]
[Round "9"]
[White "Thorsteins, Karl"]
[Black "Schneider, Lars Ake"]
[Result "1-0"]
[WhiteElo "2305"]
[BlackElo "2435"]

1.d4 Nf6 2.c4 e6 3.Nf3 b6 4.a3 d5 5.Nc3 Be7 6.cxd5 exd5 7.Bf4 O-O 8.e3 Bb7
9.Bd3 c5 10.O-O Nc6 11.dxc5 bxc5 12.Rc1 d4 13.Ne4 Nxe4 14.Bxe4 Qb6 15.exd4 Nxd4
16.Bxb7 Qxb7 17.Nxd4 cxd4 18.Qxd4 Bf6 19.Be5 Rad8 20.Qf4 Bxe5 21.Qxe5 Rd3
22.Rc7 Qb6 23.Re7 h6 24.Re8 Qb3 25.Rxf8+ Kxf8 26.h3 Kg8 27.Rc1 Rd5 28.Rc8+ Kh7
29.Qe4+ f5 30.Qe8 Rd1+ 31.Kh2 Rd6 32.Qe5 Rd5 33.Qe8 Rd6 34.h4 Rd4 35.Qh8+ Kg6
36.Rc6+ Kh5 37.Qe8+ Kg4 38.Qe2+ Kxh4 39.g3+ Kg5 40.f4+  1-0

[Event "Politiken Cup"]
[Site "Copenhagen"]
[Date "1982.??.??"]
[Round "9"]
[White "Brondum, Eric"]
[Black "Fries Nielsen, Jens Ove"]
[Result "1/2-1/2"]
[WhiteElo "2275"]
[BlackElo "2355"]

1.d4 Nf6 2.Nf3 e6 3.c4 b6 4.a3 c5 5.d5 Ba6 6.Qc2 exd5 7.cxd5 g6 8.Nc3 Bg7
9.g3 O-O 10.Bg2 d6 11.O-O h6 12.Re1 Nbd7 13.e4 Ng4 14.a4 Nde5 15.Nxe5 Nxe5
16.Nb5 Bxb5 17.axb5 c4 18.Rd1 Rc8 19.Rxa7 Qe8 20.Bd2 Qxb5 21.Bc3 Qc5 22.Raa1 b5
23.Qd2 Nd3 24.Bf1 Bxc3 25.bxc3 Rfe8 26.Bxd3 cxd3 27.Qxd3 Qxc3  1/2-1/2

[Event "CUB-ch"]
[Site "?"]
[Date "1982.??.??"]
[Round "4"]
[White "Rodriguez, Amador"]
[Black "Vilela, Jose Luis"]
[Result "1/2-1/2"]
[WhiteElo "2485"]
[BlackElo "2445"]

1.d4 Nf6 2.c4 e6 3.Nf3 b6 4.a3 Bb7 5.Nc3 d5 6.cxd5 Nxd5 7.e3 Be7 8.Bb5+ c6
9.Bd3 Nxc3 10.bxc3 c5 11.O-O Nc6 12.Qe2 O-O 13.Rd1 Qc7 14.e4 Rad8 15.d5 Na5
16.c4  1/2-1/2

[Event "CUB-ch"]
[Site "?"]
[Date "1982.??.??"]
[Round "5"]
[White "Hernandez, Roman"]
[Black "Ortega, Lexy"]
[Result "1-0"]
[WhiteElo "2400"]
[BlackElo "2370"]

1.d4 Nf6 2.c4 e6 3.Nf3 b6 4.a3 c5 5.d5 Ba6 6.Qc2 Qe7 7.Bg5 exd5 8.Nc3 Bxc4
9.e4 Qe6 10.Bxc4 dxc4 11.O-O-O Nc6 12.e5 Nh5 13.Nd5 Rc8 14.Qxc4 Be7 15.g4 b5
16.Qe4 Nf6 17.Bxf6 gxf6 18.Rhe1 O-O 19.Qf4 fxe5 20.Nxe5 Nd4 21.Nc6 Bd8 22.Nce7+ Kg7
23.Rxe6 fxe6 24.Qe5+  1-0

[Event "Eksjo"]
[Site "Eksjo"]
[Date "1982.??.??"]
[Round "6"]
[White "Schussler, Harry"]
[Black "Lengyel, Levente"]
[Result "1/2-1/2"]
[WhiteElo "2485"]
[BlackElo "2420"]

1.d4 Nf6 2.c4 e6 3.Nf3 b6 4.a3 Bb7 5.Nc3 d5 6.cxd5 exd5 7.g3 Be7 8.Bg2 O-O
9.O-O Nbd7 10.Bf4 c5 11.Ne5 cxd4 12.Qxd4 Nc5 13.Rfd1 Nce4 14.Nxe4 Nxe4 15.Bxe4 dxe4
16.Qd7 Ba6 17.Qa4 Qc8 18.Rd7 Bf6 19.Rc1 Qe8 20.Qxa6 Bxe5 21.Rxa7 Rxa7 22.Qxa7 Bxf4
23.gxf4 Qb5 24.Rc2 e3 25.Qc7 exf2+ 26.Kxf2 Qh5 27.Kg3 Qg6+ 28.Kf2 Qh5 29.Kg3 Qg6+
30.Kf2  1/2-1/2

[Event "Gausdal Int"]
[Site "Gausdal"]
[Date "1982.??.??"]
[Round "1"]
[White "Akesson, Ralf"]
[Black "Agdestein, Espen"]
[Result "1-0"]
[WhiteElo "2380"]
[BlackElo "2265"]

1.d4 Nf6 2.c4 e6 3.Nf3 b6 4.a3 c5 5.d5 exd5 6.cxd5 d6 7.Nc3 g6 8.Bf4 a6 9.e4 Bg7
10.Qa4+ Bd7 11.Qc2 Qe7 12.Be2 Bg4 13.O-O Nbd7 14.h3 Bxf3 15.Bxf3 O-O 16.a4 c4
17.Rfe1 Rfc8 18.Rad1 Ne5 19.Bxe5 Qxe5 20.Ne2 Nd7 21.Nd4 Rc7 22.Bg4 Nc5 23.Qxc4 b5
24.axb5 axb5 25.Nxb5 Rb7 26.b4 h5 27.bxc5 hxg4 28.c6 Rxb5 29.Qxb5 g3 30.f3 Qc3
31.Rc1 Qd2  1-0

[Event "Gausdal Jubilee"]
[Site "Gausdal"]
[Date "1982.??.??"]
[Round "1"]
[White "Schussler, Harry"]
[Black "Ornstein, Axel"]
[Result "1/2-1/2"]
[WhiteElo "2485"]
[BlackElo "2475"]

1.d4 Nf6 2.c4 e6 3.Nf3 b6 4.a3 Ba6 5.Qc2 d5 6.cxd5 exd5 7.Nc3 Be7 8.g3 O-O
9.Bg2 c5 10.O-O Nc6 11.Qa4 Qc8 12.Bg5 Rd8 13.Rad1 h6 14.Bf4 Ne4 15.Rfe1 Bf6
16.Be3 Nxc3 17.bxc3 Bc4 18.Qc2 Qa6 19.dxc5 Qxa3 20.cxb6 Bb3 21.Qc1 Qa5 22.Rd3 Bc4
23.Rdd1 Bb3 24.Rd3 Bc4 25.Rdd1 Bb3 26.Rd3  1/2-1/2

[Event "Gausdal Young Men"]
[Site "Gausdal"]
[Date "1982.??.??"]
[Round "2"]
[White "Agdestein, Simen"]
[Black "Karlsson, Peter"]
[Result "1-0"]
[WhiteElo "2280"]
[BlackElo "2250"]

1.d4 Nf6 2.c4 e6 3.Nf3 b6 4.a3 Bb7 5.Nc3 Ne4 6.Nxe4 Bxe4 7.Nd2 Bb7 8.e4 Qf6
9.d5 Be7 10.Bd3 O-O 11.O-O e5 12.Qc2 c5 13.f4 exf4 14.e5 Qxe5 15.Bxh7+ Kh8
16.Rf3 Bg5 17.Rh3 Bh6 18.Nf3 Qf6 19.Bd2 b5 20.Bc3 Qb6 21.Ng5 bxc4 22.Bg8 f5
23.Bf7  1-0

[Event "Gausdal Young Men"]
[Site "Gausdal"]
[Date "1982.??.??"]
[Round "3"]
[White "Ostenstad, Berge"]
[Black "Kudrin, Sergey"]
[Result "0-1"]
[WhiteElo "2240"]
[BlackElo "2480"]

1.c4 e6 2.d4 Nf6 3.Nf3 b6 4.a3 c5 5.Bg5 cxd4 6.Nxd4 Be7 7.Nc3 Bb7 8.Bxf6 Bxf6
9.Ndb5 O-O 10.Nd6 Bxc3+ 11.bxc3 Bc6 12.e4 Na6 13.Be2 Nc5 14.Bf3 Qc7 15.Nb5 Qf4
16.g3 Qf6 17.Qe2 Qe5 18.O-O Bxb5 19.cxb5 Qxc3 20.Rfd1 Nb3  0-1

[Event "Gausdal Young Men"]
[Site "Gausdal"]
[Date "1982.??.??"]
[Round "5"]
[White "Akesson, Ralf"]
[Black "Kudrin, Sergey"]
[Result "1/2-1/2"]
[WhiteElo "2380"]
[BlackElo "2480"]

1.d4 Nf6 2.c4 e6 3.Nf3 b6 4.a3 Bb7 5.Nc3 d5 6.cxd5 exd5 7.g3 Be7 8.Qa4+ c6
9.Bg2 O-O 10.O-O Na6 11.Ne5 b5 12.Qb3 Qb6 13.Rd1 Nc7 14.Bg5 Rad8 15.Ng4 Nce8
16.a4 a6 17.axb5 axb5 18.Nxf6+ Nxf6 19.Bxf6 Bxf6 20.Na4 Qc7 21.Nc5 Ra8 22.e3 Rfd8
23.Qc3 Be7 24.Rdc1 Rxa1 25.Rxa1 Bc8 26.Rc1 Rd6 27.Nd3 Bd7 28.Qa3 Be8 29.Qa8 Rd8
30.Qa6 Qd6 31.Qb7 Bf6 32.Ra1 h5 33.h4 g6 34.Ra7 Rd7 35.Qa6 Rxa7 36.Qxa7 Kf8
37.Bh3 Qe7 38.Qa6 Qe4 39.Bf1  1/2-1/2